[Event "FIDE Chesscom Grand Swiss 2019"]
[Site "Douglas-Isle of Man"]
[Date "2019.10.12"]
[Round "3.15"]
[White "Kovalev, Vladislav"]
[Black "Gavrilescu, David"]
[Result "1-0"]
[WhiteElo "2661"]
[BlackElo "2451"]
[Annotator "RC"]
[PlyCount "301"]
[EventDate "2019.10.10"]
[EventType "swiss"]
[EventCountry "GBR"]
[SourceTitle "playchess.com"]
[Source "ChessBase"]
[SourceQuality "1"]
[TimeControl "40/6000+30:20/3000+30:900+30"]

1. e4 {[%emt 0:00:05]} e6 {[%emt 0:00:00]} 2. d4 {[%emt 0:00:12]} d5 {[%emt 0:00:14]} 3. Nd2 {[%emt 0:00:06]} c5 {[%emt 0:00:34]} 4. Ngf3 {[%emt 0:00:05]} cxd4 {[%emt 0:00:53]} 5. Nxd4 {[%emt 0:00:08]} Nc6 {[%emt 0:01:08]} 6. Bb5 {[%emt 0:00:14]} Bd7 {[%emt 0:00:49]} 7. Nxc6 {[%emt 0:00:06]} bxc6 {[%emt 0:00:23]} 8. Bd3 {[%emt 0:00:04]} Qc7 {[%emt 0:01:14]} 9. Qe2 {[%emt 0:00:13]} Ne7 {[%emt 0:00:35]} 10. O-O {[%emt 0:00:45]} Ng6 {[%emt 0:00:14]} 11. Nf3 {[%emt 0:00:05]} Bd6 {[%emt 0:01:07]} 12. Re1 {[%emt 0:00:06]} Nf4 {[%emt 0:01:14]} 13. Bxf4 {[%emt 0:00:04]} Bxf4 {[%emt 0:00:08]} 14. g3 {[%emt 0:00:08]} Bd6 {[%emt 0:00:20]} 15. exd5 {[%emt 0:00:14]} cxd5 {[%emt 0:00:09]} 16. Rac1 {[%emt 0:00:06]} Rd8 {[%emt 0:01:29]} 17. c4 {[%emt 0:00:12]} dxc4 {[%emt 0:00:26]} 18. Rxc4 {[%emt 0:00:07]} Qb6 {[%emt 0:00:26]} 19. Ne5 {[%emt 0:00:14]} g6 {[%emt 0:00:52]} 20. Rc3 {[%emt 0:02:08]} O-O {[%emt 0:05:53]} 21. Nc4 {[%emt 0:02:25]} Qb8 {[%emt 0:07:07]} 22. Nxd6 {[%emt 0:08:32]} Qxd6 {[%emt 0:00:22]} 23. Qe5 {[%emt 0:00:11]} Bc6 {[%emt 0:03:23]} 24. Qxd6 {[%emt 0:46:23]} Rxd6 {[%emt 0:00:08]} 25. Rec1 {[%emt 0:00:02]} Rfd8 {[%emt 0:03:41]} 26. Rxc6 {[%emt 0:08:46]} Rxc6 {[%emt 0:01:23]} 27. Rxc6 {[%emt 0:00:04]} Rxd3 {[%emt 0:00:08]} 28. Ra6 {[%emt 0:00:20]} Rd7 {[%emt 0:00:42]} 29. Kg2 {[%emt 0:03:08]} Kg7 {[%emt 0:09:26]} 30. b4 {[%emt 0:03:10]} Kf6 {[%emt 0:05:57]} 31. Kf3 {[%emt 0:05:39]} Kf5 {[%emt 0:08:32]} 32. g4+ {[%emt 0:11:47]} Kg5 {[%emt 0:13:10]} 33. Kg3 {[%emt 0:00:13]} Kf6 {[%emt 0:02:33]} 34. h4 {[%emt 0:04:38]} h5 {[%emt 0:03:24]} 35. g5+ {[%emt 0:02:22]} Kf5 {[%emt 0:01:13]} 36. Ra5+ {[%emt 0:01:30]} Ke4 {[%emt 0:03:00]} 37. f3+ {[%emt 0:00:30]} Ke3 {[%emt 0:01:07]} 38. a3 {[%emt 0:03:47]} Rd5 {[%emt 0:09:02]} 39. Rc5 {[%emt 0:03:47]} Rf5 {[%emt 0:08:13]} 40. Rc3+ {[%emt 0:00:58]} Kd4 {[%emt 0:04:20]} 41. Rc1 {[%emt 0:50:40]} Ke3 {[%emt 0:56:35]} 42. Re1+ {[%emt 0:00:57]} Kd3 {[%emt 0:02:50]} 43. a4 {[%emt 0:00:00]} a6 {[%emt 0:00:00]} 44. Rc1 {[%emt 0:00:00]} Ke3 {[%emt 0:00:00]} 45. Rc3+ {[%emt 0:00:00]} Kd4 {[%emt 0:00:00]} 46. Rc6 {[%emt 0:00:00]} Ke3 {[%emt 0:00:00]} 47. f4 {[%emt 0:00:00]} Rxf4 {[%emt 0:00:00]} 48. Rc3+ {[%emt 0:00:00]} Kd4 {[%emt 0:00:00]} 49. Kxf4 {[%emt 0:00:00]} e5+ {[%emt 0:00:00]} 50. Kf3 {[%emt 0:09:05]} Kxc3 {[%emt 0:00:00]} 51. Ke4 {[%emt 0:00:31]} Kxb4 {[%emt 0:00:00]} 52. Kxe5 {[%emt 0:00:07]} Kxa4 {[%emt 0:00:00]} 53. Kf6 {[%emt 0:00:01]} Kb4 {[%emt 0:00:00]} 54. Kxf7 {[%emt 0:00:03]} a5 {[%emt 0:00:00]} 55. Kxg6 {[%emt 0:00:07]} a4 {[%emt 0:00:00]} 56. Kxh5 {[%emt 0:00:10]} a3 {[%emt 0:00:00]} 57. g6 {[%emt 0:00:01]} a2 {[%emt 0:00:00]} 58. g7 {[%emt 0:00:02]} a1=Q {[%emt 0:00:00]} 59. g8=Q {[%emt 0:00:04]} Qe5+ {[%emt 0:00:00]} 60. Qg5 {[%emt 0:00:05]} Qe8+ {[%emt 0:00:00]} 61. Kg4 {[%emt 0:16:21]} Qe2+ {[%emt 0:17:49]} 62. Kf5 {[%emt 0:00:25]} Qc2+ {[%emt 0:02:07]} 63. Kf6 {[%emt 0:01:01]} Qc6+ {[%emt 0:00:13]} 64. Kf7 {[%emt 0:00:05]} Qc4+ {[%emt 0:00:34]} 65. Kg7 {[%emt 0:00:07]} Qc7+ {[%emt 0:01:48]} 66. Kg6 {[%emt 0:00:17]} Qd6+ {[%emt 0:03:09]} 67. Qf6 {[%emt 0:00:42]} Qg3+ {[%emt 0:00:05]} 68. Kf7 {[%emt 0:00:06]} Qd3 {[%emt 0:04:07]} 69. Qf4+ {[%emt 0:01:38]} Ka3 {[%emt 0:01:05]} 70. Kg7 {[%emt 0:00:11]} Qd7+ {[%emt 0:00:55]} 71. Kg6 {[%emt 0:00:10]} Qe8+ {[%emt 0:01:12]} 72. Kg5 {[%emt 0:00:08]} Qg8+ {[%emt 0:00:22]} 73. Kf5 {[%emt 0:00:07]} Qf7+ {[%emt 0:00:17]} 74. Kg4 {[%emt 0:00:07]} Qg6+ {[%emt 0:00:30]} 75. Kf3 {[%emt 0:00:21]} Ka2 {[%emt 0:01:01]} 76. Qa4+ {[%emt 0:01:02]} Kb2 {[%emt 0:00:04]} 77. Qd4+ {[%emt 0:00:10]} Ka2 {[%emt 0:00:17]} 78. Qd5+ {[%emt 0:00:21]} Ka1 {[%emt 0:01:11]} 79. h5 {[%emt 0:04:46]} Qf6+ {[%emt 0:00:00]} 80. Kg4 {[%emt 0:00:00]} Qg7+ {[%emt 0:00:00]} 81. Kf5 {[%emt 0:00:00]} Qh7+ {[%emt 0:00:00]} 82. Kf4 {[%emt 0:00:00]} Qh6+ {[%emt 0:00:00]} 83. Ke4 {[%emt 0:00:00]} Qh7+ {[%emt 0:00:00]} 84. Kf3 {[%emt 0:00:00]} Qh6 {[%emt 0:00:00]} 85. Qd4+ {[%emt 0:00:00]} Ka2 {[%emt 0:00:00]} 86. Qf2+ {[%emt 0:00:00]} Ka1 {[%emt 0:00:00]} 87. Qg1+ {[%emt 0:00:00]} Kb2 {[%emt 0:00:00]} 88. Qf2+ {[%emt 0:00:00]} Ka1 {[%emt 0:00:00]} 89. Qe1+ {[%emt 0:00:00]} Ka2 {[%emt 0:00:00]} 90. Qe2+ {[%emt 0:00:00]} Kb1 {[%emt 0:00:00]} 91. Qe4+ {[%emt 0:00:00]} Ka1 {[%emt 0:00:00]} 92. Qe5+ {[%emt 0:00:00]} Ka2 {[%emt 0:00:04]} 93. Kg4 {[%emt 0:00:00]} Qh7 {[%emt 0:02:08]} 94. Qe6+ {[%emt 0:00:00]} Ka1 {[%emt 0:00:55]} 95. h6 {[%emt 0:00:00]} Qb7 {[%emt 0:01:38]} 96. Qe5+ {[%emt 0:00:00]} Ka2 {[%emt 0:01:35]} 97. Qe6+ {[%emt 0:00:01]} Ka3 {[%emt 0:02:22]} 98. Qe3+ {[%emt 0:01:12]} Ka2 {[%emt 0:01:28]} 99. Qf2+ {[%emt 0:00:03]} Ka1 {[%emt 0:00:46]} 100. Kg5 {[%emt 0:00:56]} Qd5+ {[%emt 0:00:53]} 101. Qf5 {[%emt 0:00:06]} Qg8+ {[%emt 0:00:08]} 102. Kh4 {[%emt 0:00:39]} Qd8+ {[%emt 0:00:43]} 103. Kh3 {[%emt 0:00:19]} Qb6 {[%emt 0:01:58]} 104. h7 {[%emt 0:00:41]} Qe3+ {[%emt 0:00:24]} 105. Kh4 {[%emt 0:01:02]} Qe1+ {[%emt 0:00:44]} 106. Kh5 {[%emt 0:00:18]} Qh1+ {[%emt 0:00:23]} 107. Kg6 {[%emt 0:00:11]} Qg2+ {[%emt 0:00:10]} 108. Kf6 {[%emt 0:01:58]} Qc6+ {[%emt 0:00:25]} 109. Kg7 {[%emt 0:01:09]} Qc7+ {[%emt 0:00:56]} 110. Qf7 {[%emt 0:01:38]} Qg3+ {[%emt 0:00:07]} 111. Qg6 {[%emt 0:00:53]} Qc7+ {[%emt 0:00:07]} 112. Kh8 {[%emt 0:00:50]} Ka2 {[%emt 0:00:44]} 113. Kg8 {[%emt 0:00:22]} Qd8+ {[%emt 0:00:43]} 114. Kg7 {[%emt 0:00:06]} Qd4+ {[%emt 0:00:05]} 115. Qf6 {[%emt 0:00:09]} Qg4+ {[%emt 0:00:25]} 116. Kf8 {[%emt 0:01:37]} Qc8+ {[%emt 0:00:29]} 117. Kf7 {[%emt 0:00:05]} Qd7+ {[%emt 0:00:26]} 118. Qe7 {[%emt 0:00:29]} Qf5+ {[%emt 0:00:05]} 119. Kg7 {[%emt 0:00:08]} Qg4+ {[%emt 0:00:13]} 120. Kf8 {[%emt 0:01:44]} Qc8+ {[%emt 0:00:18]} 121. Kg7 {[%emt 0:00:56]} Qg4+ {[%emt 0:00:11]} 122. Kh6 {[%emt 0:00:21]} Qh3+ {[%emt 0:02:40]} 123. Kg5 {[%emt 0:01:34]} Qg3+ {[%emt 0:00:22]} 124. Kf5 {[%emt 0:00:09]} Qf3+ {[%emt 0:00:15]} 125. Kg6 {[%emt 0:00:11]} Qd3+ {[%emt 0:00:50]} 126. Kg7 {[%emt 0:00:26]} Qg3+ {[%emt 0:00:07]} 127. Kf8 {[%emt 0:01:42]} Qb8+ {[%emt 0:00:27]} 128. Kf7 {[%emt 0:00:04]} Qf4+ {[%emt 0:00:36]} 129. Qf6 {[%emt 0:00:02]} Qc7+ {[%emt 0:00:06]} 130. Kg6 {[%emt 0:00:58]} Qg3+ {[%emt 0:00:44]} 131. Qg5 {[%emt 0:00:01]} Qd6+ {[%emt 0:00:51]} 132. Kf7 {[%emt 0:00:20]} Qd7+ {[%emt 0:00:16]} 133. Kg8 {[%emt 0:00:09]} Qe8+ {[%emt 0:00:12]} 134. Kg7 {[%emt 0:00:04]} Qd7+ {[%emt 0:00:02]} 135. Kh8 {[%emt 0:00:09]} Ka3 {[%emt 0:00:40]} 136. Qe3+ {[%emt 0:00:32]} Ka4 {[%emt 0:00:45]} 137. Qe4+ {[%emt 0:00:10]} Kb3 {[%emt 0:01:17]} 138. Kg8 {[%emt 0:00:42]} Qd8+ {[%emt 0:00:09]} 139. Kf7 {[%emt 0:00:10]} Qd7+ {[%emt 0:00:16]} 140. Kf6 {[%emt 0:01:13]} Qd8+ {[%emt 0:00:13]} 141. Kf5 {[%emt 0:00:22]} Qf8+ {[%emt 0:00:14]} 142. Kg4 {[%emt 0:02:17]} Qg7+ {[%emt 0:00:53]} 143. Kf3 {[%emt 0:00:02]} Qf6+ {[%emt 0:00:40]} 144. Ke2 {[%emt 0:00:27]} Qb2+ {[%emt 0:00:15]} 145. Ke3 {[%emt 0:00:23]} Qc1+ {[%emt 0:00:16]} 146. Kf2 {[%emt 0:00:05]} Qb2+ {[%emt 0:00:27]} 147. Qe2 {[%emt 0:00:25]} Qh8 {[%emt 0:00:20]} 148. Qd3+ {[%emt 0:00:29]} Kb2 {[%emt 0:00:18]} 149. Ke2 {[%emt 0:00:41]} Qg7 {[%emt 0:00:56]} 150. Qe4 {[%emt 0:02:36]} Kc1 {[%emt 0:01:06]} 151. Qh1+ {[%emt 0:01:33]} 1-0

[Event "FIDE Chesscom Grand Swiss 2019"]
[Site "Douglas-Isle of Man"]
[Date "2019.10.12"]
[Round "3.15"]
[White "Akopian, Vladimir"]
[Black "Gelfand, Boris"]
[Result "1/2-1/2"]
[WhiteElo "2638"]
[BlackElo "2686"]
[Annotator "TA"]
[PlyCount "84"]
[EventDate "2019.10.10"]
[EventType "swiss"]
[EventCountry "GBR"]
[SourceTitle "playchess.com"]
[Source "ChessBase"]
[SourceQuality "1"]

{[%evp 20,84,28,14,2,4,12,16,28,16,16,0,0,0,18,0,0,0,0,0,10,10,0,8,28,23,30,0,0,-32,-35,-64,-14,-45,-43,-78,-6,-85,-44,-50,-47,-54,-47,-55,-36,-75,-65,-94,-94,-95,-88,-81,-92,-125,-44,-28,-41,-69,-51,-47,-48,-53,-47,-60,0,0,0]} 1. e4 c5 2. Nf3 Nc6 3. d4 cxd4 4. Nxd4 Nf6 5. Nc3 e5 6. Ndb5 d6 7. Bg5 a6 8. Na3 b5 9. Nd5 Be7 10. Bxf6 Bxf6 11. c4 b4 {B33: Sicilian: Pelikan and Sveshnikov Variations} 12. Nc2 O-O 13. Be2 (13. g3 Bg5 14. Bg2 a5 15. O-O Ne7 16. Nce3 Bxe3 17. Nxe3 Be6 18. b3 Ra7 19. Qd3 {½-½ (52) Nepomniachtchi,I (2776)-Yu,Y (2763) Khanty-Mansiysk 2019}) 13... Bg5 14. O-O a5 15. Qd3 Be6 16. a3 {[%cal Ra3b4] [#]} Qb8 $146 ({Predecessor:} 16... bxa3 17. Rxa3 Rb8 18. b3 Kh8 19. Rd1 f5 20. Bf3 f4 21. Qe2 {½-½ (30) Vokarev,S (2502)-Moiseenko,A (2650) Plovdiv 2008}) 17. axb4 {b5 is the strong threat.} Bxd5 $1 18. b5 Be6 $1 19. bxc6 Qb6 20. Na3 Qxc6 21. Nb5 Rfb8 22. Ra4 Bd8 23. Rfa1 Bb6 24. b3 Bc5 25. R1a2 Rf8 26. Bf3 Qb6 27. h3 {[#]} g6 (27... Bd7 $1 $17) 28. Re2 (28. Bg4 $11) 28... Rab8 {[%cal Ba8b8,Bb8b7,Bb7g7][%mdl 32]} 29. Rea2 Bb4 30. Bg4 f5 31. exf5 gxf5 32. Be2 Kh8 33. Bf1 Rb7 34. Qd1 Rg7 35. Rxb4 axb4 36. Nxd6 f4 (36... Qc6 $17 37. Rd2 Rfg8) 37. Kh1 $15 Qd8 38. Rd2 {[#] aiming for Nf7+!} Qh4 {Hoping for ...Bxh3!} 39. Qf3 Qh6 40. Kh2 Bg4 41. Qc6 {Strongly threatening Nf7+!} Qh5 (41... Qh4 $1 $15 42. Qd5 Qh5) 42. f3 Bd7 {Accuracy: White = 47%, Black = 45%.} 1/2-1/2

[Event "FIDE Chesscom Grand Swiss 2019"]
[Site "Douglas-Isle of Man"]
[Date "2019.10.12"]
[Round "3.16"]
[White "Sevian, Samuel"]
[Black "Movsziszian, Karen"]
[Result "1-0"]
[WhiteElo "2654"]
[BlackElo "2475"]
[Annotator "TA RC"]
[PlyCount "67"]
[EventDate "2019.10.10"]
[EventType "swiss"]
[EventCountry "GBR"]
[SourceTitle "playchess.com"]
[Source "ChessBase"]
[SourceQuality "1"]

{[%evp 9,67,36,38,0,15,-11,-20,-11,-17,-13,-14,0,12,18,38,47,28,0,0,0,8,2,0,0,0,0,24,0,29,0,0,0,0,-5,-2,0,-6,0,0,-15,19,0,24,6,98,96,93,87,86,59,194,196,277,286,405,378,619,597,773,553]} 1. e4 g6 2. d4 Bg7 3. Nc3 d6 4. f4 a6 5. Nf3 Nd7 6. e5 {B06: Modern Defence} (6. a4 b6 7. Bc4 e6 8. f5 Ndf6 9. fxe6 Bxe6 10. Bxe6 fxe6 11. Ng5 Qd7 12. Qf3 e5 13. d5 Nh5 14. Ne6 {1-0 (22) Shirov,A (2658)-Cruz,C (2562) Riga 2019}) 6... Nh6 7. Ne4 O-O 8. Bd3 {The position is equal.} c5 9. c3 cxd4 10. cxd4 dxe5 $146 ({Predecessor:} 10... Nb6 11. O-O Bg4 12. h3 Bxf3 13. Qxf3 Nf5 {½-½ (45) Gulich,C (2024)-Kuenstler,C (2195) Germany 2015}) 11. dxe5 Nc5 {[%mdl 64] [#] Decoy} 12. Nxc5 {Hoping for Be3.} Qa5+ 13. Ke2 {Black must now prevent Be3.} Qxc5 14. Be3 Qa5 15. Qd2 Qxd2+ 16. Bxd2 f6 17. Bc4+ Nf7 {[%cal Rf6e5]} 18. Bb4 Re8 {[%cal Rf6e5]} 19. h3 e6 {[%cal Rf6e5]} 20. Bc3 fxe5 21. fxe5 b5 22. Bb3 Bb7 23. Rhe1 a5 24. a3 Bf8 25. Kf2 (25. a4 {seems wilder.} b4 26. Bd4 Bh6 27. Rad1 Bf4 28. Kf1) 25... b4 (25... Bc5+ {is interesting.} 26. Bd4 Bf8 27. Bc3) 26. axb4 Bxb4 (26... axb4 $11 27. Rxa8 Bxa8) 27. Bxb4 $16 axb4 28. Rxa8 Bxa8 29. Nd4 Ng5 {[#]} (29... Bd5 $14) 30. Ke3 $1 $18 Nf7 (30... Bd5 {was worth a try.} 31. Bxd5 exd5) 31. Nxe6 ({Less strong is} 31. Bxe6 Kg7 $16) 31... Bc6 (31... Kh8 {keeps fighting.} 32. Kd4 Bxg2) 32. Kd4 h6 $2 (32... Kh8 33. Nc7 Rc8) 33. Rc1 Bxg2 34. Rc7 {Played: Ne6-f4} 1-0

[Event "FIDE Chesscom Grand Swiss 2019"]
[Site "Douglas-Isle of Man"]
[Date "2019.10.12"]
[Round "3.16"]
[White "Nguyen, Ngoc Truong Son"]
[Black "McShane, Luke J"]
[Result "0-1"]
[WhiteElo "2638"]
[BlackElo "2682"]
[Annotator "TA"]
[PlyCount "66"]
[EventDate "2019.10.10"]
[EventType "swiss"]
[EventCountry "GBR"]
[SourceTitle "playchess.com"]
[Source "ChessBase"]
[SourceQuality "1"]

{[%evp 11,66,0,2,0,0,-5,0,0,-3,1,15,0,0,4,20,-51,-47,-52,-33,-52,-60,-102,-79,-219,-210,-222,-243,-231,-235,-492,-495,-587,-583,-667,-580,-2013,-1983,-1252,-556,-557,-558,-557,-556,-530,-527,-577,-564,-572,-562,-716,-706,-769,-757,-802,-779,-792,-765]} 1. e4 e5 2. Nf3 Nc6 3. Bb5 Nf6 4. d3 Bc5 5. O-O Nd4 6. Nxd4 Bxd4 7. c3 {C65: Ruy Lopez: Berlin Defence (3...Nf6), unusual lines and 4 0-0 Bc5} Bb6 8. Ba4 O-O 9. Bg5 {The position is equal.} h6 10. Bh4 d6 (10... g5 $5 11. Bg3 $8 d6 $11) 11. Nd2 g5 {aiming for ...Bg4.} 12. Bg3 h5 $146 {Threatens to win with ...h4.} ({Predecessor:} 12... Bg4 13. Qe1 Nh5 14. Bd1 Bxd1 15. Qxd1 Nxg3 16. hxg3 {½-½ (47) Caruana,F (2828)-Robson,R (2667) chess.com INT 2019}) 13. h3 ({Better is} 13. h4 $1 $11) 13... h4 $36 {[%mdl 2048] Black has the initiative.} 14. Bh2 g4 15. Kh1 Kh8 16. f4 gxh3 17. gxh3 (17. f5 $17 {was called for.}) 17... Bxh3 $19 18. Rf3 {[#]} Bg4 $1 {[%mdl 64] Skewer} 19. fxe5 {[#]} Nh5 $1 {Hoping for ...Qg5.} ({Inferior is} 19... Bxf3+ 20. Qxf3 Nh7 21. Nc4 $16) 20. Qf1 $2 (20. d4 {might work better.}) 20... Qg5 {Black is clearly winning.} 21. Nc4 f5 22. Nxb6 axb6 23. Bd7 Bxf3+ 24. Qxf3 fxe4 (24... Ng3+ $142 25. Bxg3 fxe4) 25. Qg4 Ng3+ 26. Bxg3 Qxg4 27. Bxg4 hxg3 28. exd6 {[%mdl 4096] Endgame KRR-KRB} Rf4 29. Be6 cxd6 30. dxe4 Rxe4 31. Bd5 Re2 32. b4 Rf8 33. Rd1 Rf4 {Accuracy: White = 30%, Black = 65%.} 0-1

[Event "FIDE Chesscom Grand Swiss 2019"]
[Site "Douglas-Isle of Man"]
[Date "2019.10.12"]
[Round "3.17"]
[White "Korobov, Anton"]
[Black "Adly, Ahmed"]
[Result "1/2-1/2"]
[WhiteElo "2679"]
[BlackElo "2636"]
[Annotator "TA"]
[PlyCount "142"]
[EventDate "2019.10.10"]
[EventType "swiss"]
[EventCountry "GBR"]
[SourceTitle "playchess.com"]
[Source "ChessBase"]
[SourceQuality "1"]

{[%evp 9,142,16,36,-8,0,3,35,33,33,29,23,0,22,10,17,27,64,49,85,81,72,33,41,22,38,36,36,36,36,36,36,36,36,36,36,36,37,37,37,41,87,60,58,59,59,65,61,60,58,58,65,63,72,72,92,93,104,99,724,713,529,454,418,345,424,303,1326,1041,12836,12835,1735,0,0,0,0,0,0,0,0,0,0,0,0,0,0,0,0,0,0,0,0,0,0,0,0,0,0,0,0,0,0,0,0,0,0,0,0,0,0,0,0,0,0,0,0,0,0,0,0,0,0,0,0,0,0,0,0,0,0,0,0,0,0,0,0]} 1. d4 Nf6 2. c4 e6 3. Nf3 Bb4+ 4. Nbd2 O-O 5. a3 Be7 6. b4 {E11: Bogo-Indian} (6. e4 d6 7. Be2 Nbd7 8. Qc2 c5 9. d5 e5 10. Nf1 a6 11. Ng3 g6 12. O-O Ne8 13. b4 Ng7 14. Bh6 {1-0 (53) Karjakin,S (2750)-Carlsen,M (2882) Saint Louis 2019}) 6... a5 7. b5 c6 8. e4 {White is slightly better.} d5 9. e5 Ne4 $146 ({Predecessor:} 9... Nfd7 10. Rb1 dxc4 11. Nxc4 cxb5 12. Rxb5 b6 13. Rb1 Ba6 {0-1 (71) Vertes,A (2351)-Deneuville,C (2326) ICCF email 2006}) 10. h4 f5 11. exf6 Bxf6 12. Bb2 Qe8 13. Bd3 e5 14. dxe5 Nd7 {[%cal Rf6e5]} 15. O-O ({But not} 15. Nxe4 $6 dxe4 16. O-O (16. exf6 exf3+ 17. Kd2 Nxf6 $15) (16. Bxe4 Nxe5 17. Qe2 Nxf3+ 18. gxf3 Bxb2 $17) 16... Nxe5 $11) 15... Nxe5 16. Bxe5 Bxe5 17. Nxe5 Qxe5 18. cxd5 cxd5 19. Nxe4 dxe4 20. Qe2 Bf5 21. Qe3 Qc3 22. Be2 Rac8 23. Rac1 Qxe3 24. fxe3 {Strongly threatening Rxc8.} Be6 25. Kh2 (25. Rxf8+ {is interesting.} Rxf8 26. Bc4 Rf6 27. Bxe6+ Rxe6 28. Kf2) 25... Rfd8 26. Kg3 Rxc1 27. Rxc1 $14 {[%mdl 4096] Endgame KRB-KRB} Rd2 28. Bc4 Bxc4 29. Rxc4 {KR-KR} Rd3 30. Rc8+ Kf7 31. Rc7+ Kg6 32. Kf4 Rxa3 33. Rxb7 h5 $2 {[%mdl 8192]} (33... Ra1 $16 34. Ra7 (34. Kxe4 a4 $16) 34... a4) 34. Kxe4 $18 a4 35. Rb6+ Kf7 36. Kd4 Rb3 37. e4 Rb4+ $2 {[#]} (37... Ke7 38. Kc5 Rc3+ 39. Kd4 Rb3) 38. Kc5 $1 {[%cal Rc5b4]} Rxe4 39. Ra6 Ke7 {[#]} 40. g3 $2 (40. Kc6 $1 $18 Rc4+ 41. Kb7 Rxh4 42. Kb8) 40... Kd8 $11 {The position is equal.} 41. Kb6 Rc4 42. Ra8+ Kd7 43. Ra7+ Kc8 44. Rxg7 {And now Rg5 would win.} a3 45. Ra7 Rc3 46. Ra8+ Kd7 47. Ra4 Kc8 $1 48. Ra8+ Kd7 49. Ra5 Rb3 50. Ra4 Kc8 $1 51. g4 hxg4 {White must now prevent ...g3.} 52. Rxg4 a2 53. Rg8+ Kd7 54. Ra8 Rb2 55. h5 {h6 is the strong threat.} Rh2 56. Ra4 Kc8 $1 57. Ra3 Kb8 $1 58. Rg3 {[%cal Rg3g8]} Rc2 $1 59. Rg1 Rc7 60. Ra1 Rb7+ 61. Kc5 Rh7 62. Rxa2 {Threatens to win with Rh2.} Rxh5+ 63. Kb6 Rh6+ 64. Ka5 Kb7 65. Rg2 Rh7 66. Rg5 Ka7 67. b6+ Kb7 68. Kb5 Rf7 69. Rc5 Rh7 70. Rc7+ Rxc7 71. bxc7 Kxc7 {Accuracy: White = 80%, Black = 66%.} 1/2-1/2

[Event "FIDE Chesscom Grand Swiss 2019"]
[Site "Douglas-Isle of Man"]
[Date "2019.10.12"]
[Round "3.17"]
[White "Clarke, Brandon G I"]
[Black "Lenderman, Aleksandr"]
[Result "0-1"]
[WhiteElo "2445"]
[BlackElo "2648"]
[Annotator "TA"]
[PlyCount "134"]
[EventDate "2019.10.10"]
[EventType "swiss"]
[EventCountry "GBR"]
[SourceTitle "playchess.com"]
[Source "ChessBase"]
[SourceQuality "1"]

{[%evp 16,134,23,14,35,22,43,49,58,60,64,6,3,-16,-30,-16,-17,-16,-16,-16,-16,-17,-28,-30,-20,-37,0,0,0,0,0,0,0,0,0,0,0,-6,0,-96,-96,-96,-96,-97,-82,-45,-62,-70,-70,-69,-58,-72,-24,-85,-16,-16,-10,-105,-111,-148,-148,-148,-112,-332,-329,-329,-274,-806,-727,-607,-483,-602,0,-12831,-12829,-12832,-12832,-12834,-12835,-12835,-12835,-12835,-12834,-12834,-12835,-12834,-12835,-12835,-12835,-12839,-12839,-12839,-12835,-12836,-12835,-12835,-12835,-12835,-12836,-5522,-2470,-12844,-12844,-12845,-12845,-12845,-12846,-12846,-12847,-12847,-12847,-12849,-12846,-12847,-12847,-12847,-12848,-12848,-12848,-12849,-12849]} 1. e4 e6 2. d4 d5 3. Nc3 Nf6 4. e5 Nfd7 5. f4 c5 6. Nf3 Nc6 7. Be3 Be7 8. Qd2 ({Predecessor:} 8. dxc5 O-O {½-½ (38) Musyuk,L (2311)-Kristoferitsch,D (2056) Bratislava 2019}) 8... O-O 9. dxc5 Qa5 $146 {C11: French: Classical System: 4 e5 and 4 Bg5 dxe4} (9... Nxc5 10. O-O-O a6 11. h4 Qc7 12. Bd3 Nb4 13. Kb1 Nbxd3 14. cxd3 Bd7 15. Rc1 Qb6 16. f5 Rfc8 17. Bg5 {1-0 (41) Shankland,S (2713)-Cori,J (2686) Biel 2019}) 10. O-O-O b6 11. Bb5 Nb4 {White is slightly better.} 12. a3 bxc5 {White should prevent ...Na2+.} 13. Bxd7 ({Worse is} 13. axb4 cxb4 14. Na4 Qxb5 $17) ({White should play} 13. Kb1 $14) 13... Bxd7 $11 14. axb4 (14. f5 $5) 14... cxb4 15. Nb1 Rfc8 16. Nd4 Qa2 17. Qd3 a5 18. Kd2 {And now Qb3 would win.} Qxb2 19. Ke2 a4 20. Nd2 Rc3 21. Rb1 Qa3 22. Ra1 $1 {[%cal Ra1a3]} Rxd3 23. cxd3 Qc3 24. Rhc1 Rc8 25. Rxc3 Rxc3 26. Ra2 a3 27. Rc2 (27. g4 $11) 27... Ba4 $36 {[%mdl 2048] Black is really pushing.} 28. Rxc3 bxc3 29. N2b3 {Threatening Nc1.} a2 30. Na1 Ba3 31. Ndc2 Bb2 32. Bd4 Bxc2 $1 33. Nxc2 h5 34. h3 (34. Kd1 $11) 34... Kf8 (34... g5 $17 35. Be3 gxf4 36. Bxf4 Kg7) 35. Bc5+ $11 Ke8 36. d4 (36. Kd1 $11 {keeps the balance.}) 36... Kd7 37. Kd3 a1=Q 38. Nxa1 Bxa1 $17 {[%mdl 4096] Endgame KB-KB} 39. g4 $2 (39. Kc2 $17) 39... hxg4 $19 40. hxg4 Kc6 41. f5 $2 (41. Ba7) 41... Kb5 42. Kc2 g6 43. f6 Ka4 $2 (43... Kc4 $19 {Strongly threatening ...Bb2.} 44. Bb6 Bb2) 44. g5 $2 {[%mdl 8192]} (44. Bf8 $11) 44... Bb2 {Black is clearly winning.} 45. Bd6 {[#]} Ba3 $1 {[%cal Ra3b4]} 46. Kxc3 Bc1 47. Bf8 Bxg5 48. Bg7 Bf4 49. Bf8 Bg3 50. Bh6 Bh4 51. Bc1 g5 52. Bd2 g4 53. Be3 Bg3 54. Kd3 Kb3 55. Bg1 Bf4 56. Bf2 Kb2 57. Bg1 Kc1 58. Be3+ Bxe3 59. Kxe3 {KP-KP} Kc2 60. Kf4 Kd3 61. Kxg4 Kxd4 {K3P-KPP} 62. Kf4 Kc5 63. Kg5 Kc6 64. Kh6 {[#]} Kd7 $1 65. Kg5 d4 {( -> ...d3)} 66. Kf4 Kc6 67. Ke4 Kc5 {Accuracy: White = 46%, Black = 73%.} 0-1

[Event "FIDE Chesscom Grand Swiss 2019"]
[Site "Douglas-Isle of Man"]
[Date "2019.10.12"]
[Round "3.18"]
[White "Moiseenko, Alexander"]
[Black "Alekseenko, Kirill"]
[Result "0-1"]
[WhiteElo "2635"]
[BlackElo "2674"]
[Annotator "TA"]
[PlyCount "54"]
[EventDate "2019.10.10"]
[EventType "swiss"]
[EventCountry "GBR"]
[SourceTitle "playchess.com"]
[Source "ChessBase"]
[SourceQuality "1"]

{[%evp 18,70,21,17,12,16,47,31,27,31,37,30,29,27,34,30,26,34,33,17,29,0,0,-157,-158,-254,-252,-242,-253,-622,-442,-471,-465,-466,-470,-460,-434,-674,-631,-607,-489,-633,-599,-733,-718,-672,-668,-561,-557,-2546,-2422,-29985,-29986,-29988,-29989]} 1. d4 Nf6 2. c4 e6 3. Nf3 d5 4. Nc3 Be7 5. Bf4 O-O 6. e3 c5 7. dxc5 Bxc5 8. cxd5 Nxd5 9. Nxd5 exd5 10. Bd3 Bb4+ {D37: Queen's Gambit Declined: 5 Bf4} 11. Nd2 d4 {Threatens to win with ...dxe3.} 12. e4 (12. Qc2 {keeps more tension.} Nc6 13. O-O h6 14. a3 Be7 15. e4) 12... Na6 {White is slightly better.} 13. O-O Nc5 14. Nb3 {[#]} Qf6 $146 ({Predecessor:} 14... Be6 15. Nxc5 Bxc5 16. Rc1 Rc8 17. a3 a5 18. h3 {½-½ (53) Nepomniachtchi,I (2773)-Nakamura,H (2761) Abidjan 2019}) 15. Bg3 Nxd3 16. Qxd3 Rd8 17. Rfd1 Bg4 18. f3 Be6 19. Qb5 a5 20. Rac1 $2 (20. e5 $11 Qg6 21. Nxd4) 20... d3 $1 $17 21. Be5 {[#]} (21. Rxd3 $17 Qxb2 22. Rxd8+ Rxd8 23. Bf4) 21... Qh6 $1 $19 22. Qb6 d2 23. Rc7 $2 (23. Rc3) 23... Ra6 24. Qf2 Bxb3 25. axb3 Rc6 26. Rxc6 Qxc6 ({Less strong is} 26... bxc6 27. Bc3 $15) 27. Kh1 {[#]} (27. Bf4 $142) 27... Qe6 {Played: Qc6-c2} 0-1